[Event "Nova Gorica op 28th"]
[White "Novak, Rok"]
[Black "Cortese, Lina"]
[Site "Nova Gorica"]
[Round "5"]
[Result "1-0"]
[Date "2024.01.29"]
[WhiteElo "1777"]
[BlackElo "1582"]
[PlyCount "55"]
[EventDate "2024.01.26"]
[EventType "swiss"]
[EventRounds "9"]
[EventCountry "SLO"]
[SourceTitle "CBM 218 Extra"]
[Source "ChessBase"]
[SourceDate "2024.03.31"]
[SourceVersion "1"]
[SourceVersionDate "2024.03.31"]
[SourceQuality "1"]

1. d4 e6 2. e4 d5 3. e5 c5 4. c3 Nc6 5. Nf3 Qb6 6. Be2 cxd4 7. cxd4 Nh6 8. Bxh6 Qxb2 9. Nbd2 gxh6 10. 0-0 Nxd4 11. Qa4+ Nc6 12. Bb5 Bd7 13. Rab1 Qa3 14. Qf4 Qe7 15. Rfc1 Bg7 16. Ba4 0-0 17. Rxb7 Qa3 18. Nb3 Rfc8 19. Rxd7 Ne7 20. Rcc7 Rxc7 21. Rxc7 Bf8 22. g4 Qxa2 23. Nbd2 Qa1+ 24. Kg2 d4 25. Bc2 Qa5 26. Rxe7 Bxe7 27. Qxh6 Rd8 28. Bxh7+ 1-0

[Event "Arco op 44th"]
[White "Cortese, Lina"]
[Black "Hoebarth, Guenter"]
[Site "Arco"]
[Round "8"]
[Result "0-1"]
[Date "2022.10.15"]
[WhiteElo "1566"]
[BlackElo "1868"]
[PlyCount "38"]
[EventDate "2022.10.08"]
[EventType "swiss"]
[EventRounds "9"]
[EventCountry "ITA"]
[SourceTitle "CBM 210 Extra"]
[Source "ChessBase"]
[SourceDate "2022.11.30"]
[SourceVersion "1"]
[SourceVersionDate "2022.11.30"]
[SourceQuality "1"]

1. c4 e5 2. Nc3 Bb4 3. Nd5 Bd6 4. g3 c6 5. Nc3 f5 6. d3 Nf6 7. Bg2 0-0 8. e3 f4 9. Nf3 Qe8 10. 0-0 Bc7 11. exf4 exf4 12. Re1 Qh5 13. Nh4 fxg3 14. fxg3 Ng4 15. Bf3 d5 16. cxd5 g5 17. h3 Bxg3 18. Re2 Qxh4 19. hxg4 Bxg4 0-1

[Event "Chioggia op-B 13th"]
[White "Cervati, Michele"]
[Black "Cortese, Lina"]
[Site "Chioggia"]
[Round "4"]
[Result "1-0"]
[Date "2018.09.30"]
[WhiteElo "1611"]
[BlackElo "1674"]
[PlyCount "53"]
[EventDate "2018.09.28"]
[EventType "swiss"]
[EventRounds "5"]
[EventCountry "ITA"]
[SourceTitle "EXT 2022"]
[Source "ChessBase"]
[SourceDate "2021.10.06"]
[SourceVersion "1"]
[SourceVersionDate "2021.10.06"]
[SourceQuality "1"]

1. e4 e6 2. d4 d5 3. Nd2 dxe4 4. Nxe4 Nf6 5. Nxf6+ Qxf6 6. Nf3 Nc6 7. Bg5 Qf5 8. Bd3 Qa5+ 9. c3 Nxd4 10. Nxd4 Qxg5 11. 0-0 Bd7 12. Qb3 b6 13. Be4 Rc8 14. Bc6 Qd8 15. Bb7 Rb8 16. Nc6 Bxc6 17. Bxc6+ Ke7 18. Rad1 Qc8 19. Qb4+ Kf6 20. Qf4+ Kg6 21. Qg4+ Kf6 22. Rd7 Bd6 23. Qf3+ Kg5 24. Qxf7 Qf8 25. f4+ Kh6 26. Qxe6+ Qf6 27. Qh3+ 1-0

[Event "Nova Gorica op 23rd"]
[White "Cortese, Lina"]
[Black "Kersic, Matej"]
[Site "Nova Gorica"]
[Round "6"]
[Result "1/2-1/2"]
[Date "2018.01.29"]
[WhiteElo "1667"]
[BlackElo "2137"]
[PlyCount "102"]
[EventDate "2018.01.26"]
[EventType "swiss"]
[EventRounds "9"]
[EventCountry "SLO"]
[SourceTitle "CBM 182 Extra"]
[Source "ChessBase"]
[SourceDate "2018.02.23"]
[SourceVersion "1"]
[SourceVersionDate "2018.02.23"]
[SourceQuality "1"]

1. c4 b6 2. Nf3 Bb7 3. d4 e6 4. Nc3 Nf6 5. g3 Be7 6. Bg2 0-0 7. 0-0 d6 8. Re1 c5 9. e3 a6 10. Rb1 Qc7 11. b3 Nbd7 12. Bb2 h6 13. Qd2 Rfd8 14. d5 exd5 15. Nxd5 Nxd5 16. cxd5 Bf6 17. e4 Re8 18. Bh3 Ne5 19. Nxe5 Bxe5 20. Bxe5 Rxe5 21. f4 Ree8 22. Rbc1 Rad8 23. Bg2 Bc8 24. Qd3 f6 25. a4 b5 26. axb5 axb5 27. Ra1 b4 28. Qc4 Qb6 29. Ra8 Bb7 30. Rxd8 Rxd8 31. Ra1 Kh8 32. Bh3 Ra8 33. Rxa8+ Bxa8 34. Bc8 Kh7 35. Qa6 Qxa6 36. Bxa6 Kg6 37. g4 Kf7 38. h4 g5 39. Kg2 Ke7 40. hxg5 hxg5 41. Kf3 Kd7 42. f5 Kc7 43. Bb5 Bb7 44. Ke3 Kb6 45. Bc4 Bc8 46. Kd3 Bd7 47. Kc2 Be8 48. Be2 Bb5 49. Bc4 Ba6 50. Kd3 Bb5 51. Kc2 Ba6 1/2-1/2

[Event "Nova Gorica op 23rd"]
[White "Marchesich, Giovanni"]
[Black "Cortese, Lina"]
[Site "Nova Gorica"]
[Round "1"]
[Result "1-0"]
[Date "2018.01.26"]
[WhiteElo "1940"]
[BlackElo "1667"]
[PlyCount "44"]
[EventDate "2018.01.26"]
[EventType "swiss"]
[EventRounds "9"]
[EventCountry "SLO"]
[SourceTitle "CBM 182 Extra"]
[Source "ChessBase"]
[SourceDate "2018.02.23"]
[SourceVersion "1"]
[SourceVersionDate "2018.02.23"]
[SourceQuality "1"]

1. e4 e6 2. d4 d5 3. Nc3 Nf6 4. Bg5 dxe4 5. Nxe4 Be7 6. Bxf6 gxf6 7. Nf3 f5 8. Nc3 Nd7 9. Bc4 Bf6 10. Qd2 c6 11. 0-0 0-0 12. Ne2 Nb6 13. Bb3 e5 14. dxe5 Qxd2 15. Nxd2 Bxe5 16. c3 Be6 17. Nf3 Bf6 18. Ned4 Nd5 19. Rfe1 Rae8 20. Bc2 f4 21. Nf5 Bxf5 22. Bxf5 Re7 1-0

[Event "Kaltern Trophy-B 2nd"]
[White "Cortese, Lina"]
[Black "Unterkofler, Alex"]
[Site "Kaltern"]
[Round "2"]
[Result "0-1"]
[Date "2017.10.28"]
[WhiteElo "1641"]
[BlackElo "1775"]
[PlyCount "62"]
[EventDate "2017.10.27"]
[EventType "swiss"]
[EventRounds "5"]
[EventCountry "ITA"]
[SourceTitle "CBM 181 Extra"]
[Source "ChessBase"]
[SourceDate "2017.12.12"]
[SourceVersion "1"]
[SourceVersionDate "2017.12.12"]
[SourceQuality "1"]

1. c4 Nf6 2. Nc3 c5 3. g3 e6 4. Bg2 Be7 5. Nf3 d5 6. cxd5 exd5 7. d4 0-0 8. 0-0 Nc6 9. a3 c4 10. Bg5 Bf5 11. Bxf6 Bxf6 12. Ne5 Bxe5 13. dxe5 d4 14. Nb5 Qb6 15. Bxc6 bxc6 16. Nxd4 Bh3 17. Re1 Rad8 18. e3 c5 19. Qh5 cxd4 20. Qxh3 d3 21. Rab1 Rfe8 22. Qg4 Rxe5 23. Qxc4 Rc5 24. Qe4 Qb3 25. Red1 Rc2 26. Qf3 Rxb2 27. Rxb2 Qxb2 28. Rxd3 Qb1+ 29. Kg2 Qxd3 30. a4 h6 31. Qb7 Qd5+ 0-1

[Event "Kaltern Trophy-B 2nd"]
[White "Cortese, Lina"]
[Black "Walch, Lukas"]
[Site "Kaltern"]
[Round "1"]
[Result "1-0"]
[Date "2017.10.27"]
[WhiteElo "1641"]
[BlackElo "1365"]
[PlyCount "111"]
[EventDate "2017.10.27"]
[EventType "swiss"]
[EventRounds "5"]
[EventCountry "ITA"]
[SourceTitle "CBM 181 Extra"]
[Source "ChessBase"]
[SourceDate "2017.12.12"]
[SourceVersion "1"]
[SourceVersionDate "2017.12.12"]
[SourceQuality "1"]

1. c4 e6 2. Nc3 c5 3. g3 Nf6 4. Bg2 Nc6 5. Nf3 Rb8 6. 0-0 a6 7. d4 cxd4 8. Nxd4 Nxd4 9. Qxd4 Qc7 10. Bf4 d6 11. Bg5 e5 12. Qd3 b6 13. Bxf6 gxf6 14. Nd5 Qd8 15. Rfd1 h5 16. Ne3 Bb7 17. Nf5 Bxg2 18. Kxg2 b5 19. Nxd6+ Bxd6 20. Qxd6 Qxd6 21. Rxd6 bxc4 22. Rxa6 Rh6 23. Rb1 c3 24. b3 Kf8 25. Rc1 Rc8 26. Rc2 Kg7 27. Kf3 f5 28. Rxh6 Kxh6 29. h4 e4+ 30. Ke3 Kg6 31. a4 Kf6 32. a5 Ke5 33. a6 Ra8 34. Rxc3 Rxa6 35. Rc5+ Kf6 36. Kf4 Rb6 37. Rxf5+ Kg6 38. Rg5+ Kh6 39. Kxe4 Rxb3 40. Rd5 Kg6 41. Rg5+ Kh6 42. f4 f6 43. Rg8 Kh7 44. Rf8 Kg7 45. Rc8 Rxg3 46. Kf5 Rg4 47. Rc7+ Kf8 48. e3 Rxh4 49. Kxf6 Ke8 50. Rh7 Rh1 51. e4 h4 52. f5 h3 53. Ke6 Kd8 54. f6 Re1 55. e5 h2 56. Rxh2 1-0

[Event "Arco op-A 39th"]
[White "Cortese, Lina"]
[Black "Bottesi, Gianluca"]
[Site "Arco"]
[Round "5"]
[Result "1-0"]
[Date "2017.10.11"]
[WhiteElo "1641"]
[BlackElo "1719"]
[PlyCount "87"]
[EventDate "2017.10.07"]
[EventType "swiss"]
[EventRounds "9"]
[EventCountry "ITA"]
[SourceTitle "CBM 181 Extra"]
[Source "ChessBase"]
[SourceDate "2017.12.12"]
[SourceVersion "1"]
[SourceVersionDate "2017.12.12"]
[SourceQuality "1"]

1. c4 Nf6 2. Nc3 g6 3. Nf3 Bg7 4. g3 0-0 5. Bg2 c5 6. 0-0 Nc6 7. d4 cxd4 8. Nxd4 Qb6 9. Nf3 d6 10. e4 Bg4 11. h3 Bd7 12. a3 Na5 13. Nd2 Rac8 14. b3 Bh6 15. Rb1 Qd4 16. Qc2 Bg7 17. Bb2 Qb6 18. Ba1 Be6 19. Qd3 Nc6 20. Nd5 Bxd5 21. exd5 Ne5 22. Bxe5 dxe5 23. Rfe1 Nh5 24. Qe3 Qa5 25. b4 Qc7 26. c5 f5 27. Qb3 Kh8 28. Nf3 h6 29. Rbd1 Rcd8 30. Re3 f4 31. Nh4 Kh7 32. Red3 fxg3 33. fxg3 Rf6 34. Be4 Rdf8 35. d6 exd6 36. Rxd6 Qc8 37. Nxg6 Rf1+ 38. Rxf1 Rxf1+ 39. Kxf1 Qxh3+ 40. Kf2 Qh2+ 41. Bg2 e4 42. Qe3 Nf6 43. Rxf6 Bxf6 44. Nf4 1-0

[Event "Arco op-A 39th"]
[White "Schneider, Johannes1"]
[Black "Cortese, Lina"]
[Site "Arco"]
[Round "4"]
[Result "1-0"]
[Date "2017.10.10"]
[WhiteElo "1893"]
[BlackElo "1641"]
[PlyCount "59"]
[EventDate "2017.10.07"]
[EventType "swiss"]
[EventRounds "9"]
[EventCountry "ITA"]
[SourceTitle "CBM 181 Extra"]
[Source "ChessBase"]
[SourceDate "2017.12.12"]
[SourceVersion "1"]
[SourceVersionDate "2017.12.12"]
[SourceQuality "1"]

1. d4 e6 2. c4 f5 3. Nc3 Nf6 4. Bg5 Be7 5. e3 d5 6. Nf3 0-0 7. Qb3 c6 8. Bd3 b6 9. cxd5 exd5 10. Ne5 Ne4 11. Bxe7 Qxe7 12. Nxe4 fxe4 13. Bxe4 Bb7 14. Bf3 Nd7 15. Nxd7 Qxd7 16. 0-0-0 Rac8 17. Kb1 c5 18. dxc5 Rxc5 19. Rd4 Rxf3 20. gxf3 Qf5+ 21. e4 Qe5 22. Rhd1 Qxh2 23. exd5 Qd6 24. Qe3 Bc8 25. b4 Bf5+ 26. Kb2 Rc8 27. Re1 Qh2 28. Rf4 Rc2+ 29. Kb3 Bg6 30. Qe6+ 1-0

[Event "Arco op-A 39th"]
[White "Cortese, Lina"]
[Black "Mastroddi, Emiliano"]
[Site "Arco"]
[Round "1"]
[Result "0-1"]
[Date "2017.10.07"]
[WhiteElo "1641"]
[BlackElo "2053"]
[PlyCount "80"]
[EventDate "2017.10.07"]
[EventType "swiss"]
[EventRounds "9"]
[EventCountry "ITA"]
[SourceTitle "CBM 181 Extra"]
[Source "ChessBase"]
[SourceDate "2017.12.12"]
[SourceVersion "1"]
[SourceVersionDate "2017.12.12"]
[SourceQuality "1"]

1. c4 c5 2. Nc3 Nf6 3. g3 g6 4. Bg2 Bg7 5. Nf3 Nc6 6. 0-0 0-0 7. Rb1 d5 8. cxd5 Nxd5 9. Nxd5 Qxd5 10. b3 Qd6 11. Bb2 e5 12. d3 Be6 13. Ng5 Bd5 14. Ne4 Qd8 15. Bc1 h6 16. Be3 b6 17. Qc1 f5 18. Nc3 Bxg2 19. Kxg2 Kh7 20. f3 Qd7 21. a3 Rac8 22. Qd2 Rfd8 23. Rbd1 Qe6 24. Qc2 Nd4 25. Qa2 Qxb3 26. Qxb3 Nxb3 27. Rb1 Nd4 28. a4 c4 29. Rfd1 Nc2 30. Bf2 cxd3 31. Rd2 Rxc3 32. Rb2 e4 33. exd3 e3 34. Rdxc2 Rxc2 35. Rxc2 exf2 36. Kxf2 Rxd3 37. Rc7 a5 38. Ke2 Ra3 39. Rb7 Rxa4 40. Rxb6 Ra1 0-1

[Event "Nova Gorica op-A 20th"]
[White "Bratkovic, Jakob"]
[Black "Cortese, Lina"]
[Site "Nova Gorica"]
[Round "1"]
[Result "1-0"]
[Date "2015.01.30"]
[WhiteElo "2171"]
[BlackElo "1668"]
[PlyCount "85"]
[EventDate "2015.01.30"]
[EventType "swiss"]
[EventRounds "9"]
[EventCountry "SLO"]
[SourceTitle "CBM 164 Extra"]
[Source "ChessBase"]
[SourceDate "2015.03.02"]
[SourceVersion "1"]
[SourceVersionDate "2015.03.02"]
[SourceQuality "1"]

1. e4 e6 2. d4 d5 3. Nd2 c5 4. exd5 Qxd5 5. Ngf3 Nc6 6. Bc4 Qd6 7. Ne4 Qc7 8. dxc5 Bxc5 9. Nxc5 Qa5+ 10. c3 Qxc5 11. Bd3 Nf6 12. Be3 Qe7 13. Qc2 Bd7 14. a3 h6 15. 0-0 0-0 16. b4 b6 17. Rfe1 Rac8 18. c4 Ng4 19. Bf4 Qf6 20. Bd6 Nd4 21. Nxd4 Qxd4 22. Bh7+ Kh8 23. Rad1 Qxc4 24. Qxc4 Rxc4 25. Bxf8 Kxh7 26. Rxd7 Kg6 27. h3 Nf6 28. Rxa7 Nd5 29. Bd6 Rc6 30. Bg3 Rc2 31. Ra6 Ra2 32. f3 Nxb4 33. axb4 Rxa6 34. b5 Ra7 35. Bf2 Rb7 36. Rc1 Kf6 37. Rc6 Ke7 38. Rxb6 Rd7 39. Ra6 Rd1+ 40. Kh2 Kd7 41. Ra7+ Kc8 42. Rxf7 Rd5 43. b6 1-0

[Event "Nova Gorica op-A 19th"]
[White "Savoia, Serge"]
[Black "Cortese, Lina"]
[Site "Nova Gorica"]
[Round "6"]
[Result "1-0"]
[Date "2014.02.03"]
[WhiteElo "1864"]
[BlackElo "1631"]
[PlyCount "66"]
[EventDate "2014.01.31"]
[EventType "swiss"]
[EventRounds "9"]
[EventCountry "SLO"]
[SourceTitle "CBM 158 Extra"]
[Source "ChessBase"]
[SourceDate "2014.02.28"]
[SourceVersion "1"]
[SourceVersionDate "2014.02.28"]
[SourceQuality "1"]

1. b3 e5 2. Bb2 Nc6 3. c4 Nf6 4. e3 Be7 5. a3 0-0 6. d3 d6 7. Qc2 Be6 8. Nd2 a6 9. Ngf3 h6 10. d4 exd4 11. exd4 d5 12. c5 Re8 13. Be2 Bg4 14. h3 Bh5 15. g4 Bg6 16. Qd1 Ne4 17. b4 Nxd2 18. Qxd2 Bf6 19. 0-0 Re6 20. b5 axb5 21. Bxb5 Na5 22. Qc3 c6 23. Bd3 Bxd3 24. Qxd3 Nc4 25. Bc1 Qd7 26. Qf5 Qe7 27. Bf4 Rxa3 28. Rxa3 Nxa3 29. Ra1 g6 30. Qd3 Nb5 31. Bxh6 Kh7 32. Be3 Re4 33. Kg2 Qe6 1-0

[Event "Nova Gorica op-A 19th"]
[White "Ivsek, Cveto"]
[Black "Cortese, Lina"]
[Site "Nova Gorica"]
[Round "2"]
[Result "1-0"]
[Date "2014.02.01"]
[WhiteElo "1851"]
[BlackElo "1631"]
[PlyCount "109"]
[EventDate "2014.01.31"]
[EventType "swiss"]
[EventRounds "9"]
[EventCountry "SLO"]
[SourceTitle "CBM 158 Extra"]
[Source "ChessBase"]
[SourceDate "2014.02.28"]
[SourceVersion "1"]
[SourceVersionDate "2014.02.28"]
[SourceQuality "1"]

1. d4 e6 2. c4 f5 3. Nf3 Nf6 4. e3 d5 5. a3 a5 6. Nc3 c6 7. Qb3 Nbd7 8. Be2 Bd6 9. Ng5 Qe7 10. f4 h6 11. Nf3 Ne4 12. Nxe4 fxe4 13. Ne5 Nxe5 14. fxe5 Bc7 15. Bh5+ Kd7 16. 0-0 Rf8 17. Bd2 dxc4 18. Qc2 Rf5 19. Bg6 b5 20. Bxf5 exf5 21. Rxf5 Ke8 22. Rf4 Be6 23. Qxe4 Kd7 24. Qg6 Rf8 25. Raf1 Rxf4 26. Rxf4 c5 27. Be1 Kc8 28. Bh4 Qd7 29. Rf8+ Kb7 30. Qe8 cxd4 31. Qxd7 Bxd7 32. exd4 b4 33. axb4 axb4 34. Be1 Bb6 35. Bxb4 Bxd4+ 36. Kf1 Bxe5 37. Bc3 Bxc3 38. bxc3 g6 39. Rf6 Bf5 40. Kf2 Bd3 41. Ke3 Kc7 42. Kd4 Kd7 43. g3 Ke7 44. Rc6 h5 45. Rxc4 Bxc4 46. Kxc4 Kd6 47. Kb5 g5 48. c4 Kc7 49. Kc5 h4 50. gxh4 gxh4 51. h3 Kd7 52. Kb6 Kc8 53. Kc6 Kd8 54. Kb7 Kd7 55. c5 1-0

[Event "Nova Gorica op-A 18th"]
[White "Markocic, Tine"]
[Black "Cortese, Lina"]
[Site "Nova Gorica"]
[Round "9"]
[Result "1/2-1/2"]
[Date "2013.01.30"]
[WhiteElo "1792"]
[BlackElo "1585"]
[PlyCount "37"]
[EventDate "2013.01.25"]
[EventType "swiss"]
[EventRounds "9"]
[EventCountry "SLO"]
[SourceTitle "CBM 152 Extra"]
[Source "ChessBase"]
[SourceDate "2013.02.25"]
[SourceVersion "1"]
[SourceVersionDate "2013.02.25"]
[SourceQuality "1"]

1. e4 e6 2. Nf3 d5 3. Nc3 dxe4 4. Nxe4 Nf6 5. Nxf6+ Qxf6 6. d4 Qd8 7. Bd3 Nc6 8. 0-0 Bd7 9. c3 g6 10. Re1 Bg7 11. Bf4 0-0 12. Qd2 Re8 13. Ne5 Nxe5 14. Bxe5 Bc6 15. Qf4 Bxe5 16. Rxe5 Qe7 17. Rae1 Kg7 18. Bc4 Qf6 19. Qe3 1/2-1/2